<?xml version="1.0" encoding="utf-8"?>
<?xml-stylesheet type='text/xsl' href='./oai2.xsl'?>
<OAI-PMH xmlns="http://www.openarchives.org/OAI/2.0/" xmlns:xsi="http://www.w3.org/2001/XMLSchema-instance" xsi:schemaLocation="http://www.openarchives.org/OAI/2.0/ http://www.openarchives.org/OAI/2.0/OAI-PMH.xsd">
  <responseDate>2026-06-05T10:35:32Z</responseDate>
  <request verb="GetRecord" metadataPrefix="marcxml" identifier="record_kuniweb_166027">https://kulturerbe.niedersachsen.de/oai</request>
  <GetRecord>
    <record>
      <header>
        <identifier>record_kuniweb_166027</identifier>
        <datestamp>2025-08-28T09:38:22Z</datestamp>
        <setSpec>slg0139</setSpec>
      </header>
      <metadata>
        <marc:record xmlns:marc="http://www.loc.gov/MARC21/slim" xsi:schemaLocation="http://www.loc.gov/MARC21/slim http://www.loc.gov/standards/marcxml/schema/MARC21slim.xsd">
          <marc:leader>12345nkm  22     uu 4500</marc:leader>
          <marc:controlfield tag="001">166027</marc:controlfield>
          <marc:controlfield tag="003">http://kuniweb.gbv.de</marc:controlfield>
          <marc:controlfield tag="005">2018-03-04T15:49:28</marc:controlfield>
          <marc:controlfield tag="008">|           ||||||||||||||||||||||</marc:controlfield>
          <marc:datafield tag="245" ind1="1" ind2="0">
            <marc:subfield code="a">Projekt  - Mühlenanlage für Herrn Jacob Gümpel in Lutter bei Heiligenstadt, 1895</marc:subfield>
          </marc:datafield>
          <marc:datafield tag="655" ind1=" " ind2="7">
            <marc:subfield code="a">Grafik</marc:subfield>
          </marc:datafield>
          <marc:datafield tag="046" ind1=" " ind2=" ">
            <marc:subfield code="k">1895-05-21</marc:subfield>
            <marc:subfield code="k">21.05.1895</marc:subfield>
          </marc:datafield>
          <marc:datafield tag="260" ind1=" " ind2=" ">
            <marc:subfield code="g">1895-05-21</marc:subfield>
            <marc:subfield code="g">21.05.1895</marc:subfield>
          </marc:datafield>
          <marc:datafield tag="520" ind1=" " ind2=" ">
            <marc:subfield code="a">Zeichnung – Bleistift
Herstellungsort – Königshütte, (Bad) Lauterberg

Auftraggeber und Standort: 
Jacob  Gümpel, Lutter bei Heiligenstadt

Anmerkung zum Ort:
Lutter liegt ungefähr vier Kilometer südwestlich von Heilbad Heiligenstadt im gleichnamigen Luttertal.
Im Ort befanden sich vier Mühlen. Die Hackemühle war eine Mahlmühle am südöstlichen Ortsrand, wurde im 17. Jahrhundert genannt und war bis 1960 in Betrieb. Die Mittelmühle, eine Mahlmühle in der Ortslage, wurde 1666 erwähnt und war bis 1965 in Betrieb. Heute ist sie ein Wohnhaus. Die Springmühle, eine Öl- und Mahlmühle am südöstlichen Ortsrand, wurde schon im 16. Jahrhundert genannt und war bis 1953 in Betrieb. Mit der Übernahme der Immobilie durch die LPG begann der Rückbau, Nebengebäude wurden niedergelegt. Die Untermühle als vierte Mahlmühle befindet sich am westlichen Ortsrand, sie wurde 1676 genannt und war bis 1959 in Betrieb.
siehe:
Lutter (Eichsfeld) – Wikipedia
https://de.wikipedia.org/wiki/Lutter_(Eichsfeld)









 (Förderkreis Königshütte Bad Lauterberg e.V.)</marc:subfield>
          </marc:datafield>
          <marc:datafield tag="650" ind1="1" ind2=" ">
            <marc:subfield code="a">Mühle</marc:subfield>
          </marc:datafield>
          <marc:datafield tag="650" ind1="1" ind2=" ">
            <marc:subfield code="a">Grafik, Fotografie &gt; Zeichnung</marc:subfield>
          </marc:datafield>
          <marc:datafield tag="650" ind1="1" ind2=" ">
            <marc:subfield code="a">Handwerk</marc:subfield>
          </marc:datafield>
          <marc:datafield tag="650" ind1="1" ind2=" ">
            <marc:subfield code="a">Lutter (Uder, Eichsfeld, Thüringen)</marc:subfield>
          </marc:datafield>
          <marc:datafield tag="773" ind1="0" ind2=" ">
            <marc:subfield code="t">Zeichnungen von Mühlenanlagen</marc:subfield>
          </marc:datafield>
          <marc:datafield tag="852" ind1=" " ind2=" ">
            <marc:subfield code="a">Industriedenkmal Königshütte Bad Lauterberg im Harz</marc:subfield>
          </marc:datafield>
          <marc:datafield tag="" ind1=" " ind2=" ">
            <marc:subfield code="a">Namensnennung - Nicht kommerziell - Keine Bearbeitungen 4.0 International (CC BY-NC-ND 4.0)</marc:subfield>
          </marc:datafield>
        </marc:record>
      </metadata>
    </record>
  </GetRecord>
</OAI-PMH>
